|
|
|
|
| LEADER |
00772nnm a2200205 i 4500 |
| 001 |
eta4002 |
| 005 |
20201204081653.0 |
| 008 |
201204s2013 hu o 0|| hun d |
| 040 |
|
|
|a SZTE Elektronikus Tananyag Archívum
|b hun
|
| 041 |
|
|
|a hun
|
| 100 |
1 |
|
|a Vedrédi Katalin
|
| 245 |
1 |
2 |
|a A köztérfejlesztések társadalmi megítélése a szegedi Szent István tér példáján
|h [elektronikus dokumentum] /
|c Vedrédi Katalin
|
| 260 |
|
|
|c 2013
|
| 300 |
|
|
|a 18
|
| 516 |
|
|
|a Presentation
|
| 650 |
|
4 |
|a Társadalomtudományok
|
| 650 |
|
4 |
|a Társadalom- és gazdaságföldrajz
|
| 695 |
|
|
|a területfejlesztés
|
| 711 |
|
|
|a 10. Településföldrajzi Konferencia
|c Bük, Magyarország
|d 2013.04.25.
|
| 856 |
4 |
0 |
|u https://eta.bibl.u-szeged.hu/4002/1/2010-0012_18_01.pdf
|z Dokumentum-elérés
|